000 00933cam a22002891 4500
001 2246
003 FISKH
005 20231116085840.0
008 730220s1961 maua j 000 1 eng
010 _a 61005313
020 _a9780340714942
040 _aDLC
_cDLC
_dDLC
_beng
050 0 0 _aPZ10.3.B935
_bIn
082 0 0 _a813.54
100 1 _aBurnford, Sheila
245 1 4 _aThe incredible journey.
_cSheila Burnford
250 _a1988
260 _aLondon :
_bHodder Children's books,
_c1960
300 _a117 pages :
_billustrations ;
_c20 cm
520 _aA Siamese cat, an old bull terrier, and a young Labrador retriever travel together 250 miles through the Canadian wilderness to find their family.
521 8 _a1320
_bLexile
650 0 _aAnimals
_xJuvenile fiction.
650 1 _aAnimals
_xFiction.
651 1 _aCanada
_xFiction.
906 _a7
_bcbc
_corignew
_du
_eocip
_f19
_gy-gencatlg
942 _2ddc
_cBK
_n0
999 _c2246
_d2246